<?xml version="1.0" encoding="UTF-8"?>
<record
    xmlns:xsi="http://www.w3.org/2001/XMLSchema-instance"
    xsi:schemaLocation="http://www.loc.gov/MARC21/slim http://www.loc.gov/standards/marcxml/schema/MARC21slim.xsd"
    xmlns="http://www.loc.gov/MARC21/slim">

  <leader>00438nam a2200169Ia 4500</leader>
  <controlfield tag="001">17693</controlfield>
  <controlfield tag="008">140724s9999    xx            000 0 und d</controlfield>
  <datafield tag="100" ind1=" " ind2=" ">
    <subfield code="a">&#xBB2;&#xBA4;&#xBBE;</subfield>
  </datafield>
  <datafield tag="100" ind1=" " ind2=" ">
    <subfield code="q">Latha</subfield>
  </datafield>
  <datafield tag="245" ind1=" " ind2=" ">
    <subfield code="a">&#xBAA;&#xBBE;&#xBAE;&#xBCD;&#xBAA;&#xBC1; &#xB95;&#xB9F;&#xBCD;&#xB9F;&#xBBF;&#xBB2;&#xBCD; &#xB92;&#xBB0;&#xBC1; &#xBA4;&#xBBE;&#xBB4;&#xBC8;</subfield>
  </datafield>
  <datafield tag="245" ind1=" " ind2=" ">
    <subfield code="b">Paampu Kattil Oru Thaazhai</subfield>
  </datafield>
  <datafield tag="245" ind1=" " ind2=" ">
    <subfield code="c">&#xBB2;&#xBA4;&#xBBE;</subfield>
  </datafield>
  <datafield tag="260" ind1=" " ind2=" ">
    <subfield code="a">Chennai</subfield>
  </datafield>
  <datafield tag="260" ind1=" " ind2=" ">
    <subfield code="b">Kalachuvadu Publications Pvt. Ltd.</subfield>
  </datafield>
  <datafield tag="260" ind1=" " ind2=" ">
    <subfield code="c">2007</subfield>
  </datafield>
  <datafield tag="999" ind1=" " ind2=" ">
    <subfield code="c">12871</subfield>
    <subfield code="d">12871</subfield>
  </datafield>
  <datafield tag="952" ind1=" " ind2=" ">
    <subfield code="r">2015-02-24 00:00:00</subfield>
    <subfield code="l">2</subfield>
    <subfield code="o">894.825</subfield>
    <subfield code="p">17693</subfield>
    <subfield code="s">2015-02-10</subfield>
    <subfield code="t">1</subfield>
    <subfield code="v">250.00</subfield>
    <subfield code="w">2014-07-24</subfield>
    <subfield code="y">TAM</subfield>
    <subfield code="1">0</subfield>
    <subfield code="2">ddc</subfield>
    <subfield code="4">0</subfield>
    <subfield code="7">0</subfield>
    <subfield code="0">0</subfield>
    <subfield code="a">CUTN</subfield>
    <subfield code="b">CUTN</subfield>
    <subfield code="c">TAMIL</subfield>
    <subfield code="d">2014-07-24</subfield>
    <subfield code="g">50.00</subfield>
  </datafield>
</record>
